Finite mathematics an applied approach (Record no. 294668)

000 -LEADER
fixed length control field 00245 a2200097 4500
001 - CONTROL NUMBER
control field 59595
090 ## - LOCALLY ASSIGNED LC-TYPE CALL NUMBER (OCLC); LOCAL CALL NUMBER (RLIN)
-- 36464
-- 36464
100 ## - MAIN ENTRY--PERSONAL NAME
Personal name sullivan michael
245 ## - TITLE STATEMENT
Title Finite mathematics an applied approach
260 ## - PUBLICATION, DISTRIBUTION, ETC.
Place of publication, distribution, etc. America
Name of publisher, distributor, etc. John wiley&Sons
Date of publication, distribution, etc. 2008
942 ## - ADDED ENTRY ELEMENTS (KOHA)
Institution code [OBSOLETE] NUST-CAE
Call number prefix 519.21 SUL
Holdings
Withdrawn status Lost status Damaged status Not for loan Collection code Permanent Location Current Location Date acquired Total Checkouts Full call number Barcode Date last seen Price effective from Koha item type
          College of Aeronautical Engineering (CAE) College of Aeronautical Engineering (CAE) 04/03/2017   519.21 SUL CAE81086 04/05/2017 04/05/2017 Book
© 2023 Central Library, National University of Sciences and Technology. All Rights Reserved.